Que Salga El Sol Por Donde Quiera - Abraham Mateo, El Arrebato - Estadísticas

Estadísticas generales
  • Esta prueba ha sido intentada 28 veces
  • La puntuación promedio es 260 de 333
Estadísticas de respuestas
Letra % Correcto
a
100%
donde
100%
el
100%
en
100%
gol
100%
la
100%
me
100%
meta
100%
no
100%
por
100%
Que
100%
que
100%
quiera
100%
salga
100%
sol
100%
100%
tu
100%
un
100%
Y
100%
yo
100%
arrebato
86%
de
86%
De
86%
españa
86%
las
86%
los
86%
Los
86%
mi
86%
nunca
86%
se
86%
sea
86%
Si
86%
si
86%
sofá
86%
una
86%
acuerde
71%
acurrucarme
71%
al
71%
barquita
71%
bolsillos
71%
canción
71%
cantando
71%
cariñitos
71%
Contigo
71%
estoy
71%
gloria
71%
haya
71%
lado
71%
letra
71%
llenos
71%
nevera
71%
nos
71%
pan
71%
remar
71%
saben
71%
tengo
71%
Tengo
71%
vino
71%
abierto
57%
averíen
57%
beba
57%
conmigo
57%
Desbaratarle
57%
destino
57%
dos
57%
estrellas
57%
garito
57%
hacer
57%
historia
57%
juntitos
57%
medio
57%
Nada
57%
ni
57%
pantanos
57%
Pero
57%
planes
57%
Porque
57%
quédate
57%
Quédate
57%
Quiero
57%
separar
57%
va
57%
vamos
57%
veranos
57%
apretamos
43%
concierto
43%
cupón
43%
desplomen
43%
estamos
43%
funcione
43%
llueva
43%
mediodía
43%
monotonía
43%
nadie
43%
palabra
43%
pare
43%
piratas
43%
toque
43%
triunfe
43%
ascensor
29%
ilusión
29%
prohíba
29%
nena
14%
podemos
14%
No se encontraron pruebas coincidentes
Distribución de puntuación
Porcentaje de gente con cada puntuación
Porcentaje por número respondido
Historial de tus puntuaciones
No has intentado esta prueba.